000 00266nam a22001097a 4500
082 _a624
_bBHA
100 _aSS, Bhavikalti
245 _aElements of civil Engineering .
300 _c23cm
942 _2ddc
_cBK
999 _c554501
_d554501